An algebraic comparison of methods of valuing varying profit rents (Record no. 113125)
[ view plain ]
| 000 -LEADER | |
|---|---|
| fixed length control field | 00702cam a22001935a 4500 |
| 001 - CONTROL NUMBER | |
| control field | L154747 |
| 008 - FIXED-LENGTH DATA ELEMENTS--GENERAL INFORMATION | |
| fixed length control field | 120117s1978 xxk f 000 0 eng d |
| 035 ## - SYSTEM CONTROL NUMBER | |
| System control number | (Sirsi) u154747 |
| 041 0# - LANGUAGE CODE | |
| Language code of text/sound track or separate title | eng |
| 110 2# - MAIN ENTRY--CORPORATE NAME | |
| Corporate name or jurisdiction name as entry element | Centre for Advanced Land Use Studies |
| 9 (RLIN) | 2934 |
| 245 03 - TITLE STATEMENT | |
| Title | An algebraic comparison of methods of valuing varying profit rents |
| 260 ## - PUBLICATION, DISTRIBUTION, ETC. | |
| Place of publication, distribution, etc. | Reading |
| Name of publisher, distributor, etc. | College of Estate Management |
| Date of publication, distribution, etc. | 1978 |
| 300 ## - PHYSICAL DESCRIPTION | |
| Extent | 15p. |
| Dimensions | 21cm. |
| 490 #0 - SERIES STATEMENT | |
| Series statement | Occasional Papers in Estate Management |
| Volume/sequential designation | (11) |
| 520 ## - SUMMARY, ETC. | |
| Summary, etc. | A mathematical comparison of four types of valuation: dual rate; sinking fund; double sinking fund; and annual equivalent method. |
| 651 #4 - SUBJECT ADDED ENTRY--GEOGRAPHIC NAME | |
| Geographic name | United Kingdom |
| Chronological subdivision | |
| 690 ## - LOCAL SUBJECT ADDED ENTRY--TOPICAL TERM (OCLC, RLIN) | |
| Topical term or geographic name as entry element | Valuation |
| 9 (RLIN) | 6273 |
| 942 ## - ADDED ENTRY ELEMENTS (KOHA) | |
| Suppress in OPAC | 0 |
| Withdrawn status | Lost status | Source of classification or shelving scheme | Damaged status | Not for loan | Home library | Current library | Shelving location | Date acquired | Total Checkouts | Full call number | Barcode | Date last seen | Copy number | Price effective from | Koha item type |
|---|---|---|---|---|---|---|---|---|---|---|---|---|---|---|---|
| Dewey Decimal Classification | London | London | Basement | 17/01/2012 | RESERVE SHELF 202 | 30002492 | 06/08/2019 | 1 | 06/08/2019 | Book |